000 00360nam a2200133Ia 4500
005 20260326235446.0
008 260326s9999||||xx |||||||||||||| ||und||
100 _aMoore, Rowan
245 0 _aStructure, Space ans skin :
_b The Work of Nicholas Grimshaw & partners /
_cRowan Moore
260 _bPhaidon
300 _a255 p.
650 _aARQUITECTOS
942 _cBK
999 _c7578
_d7578